[Event "Rhein Main op-B 19th"]
[Site "Bad Homburg"]
[Date "2016.05.25"]
[Round "1"]
[White "Michel, Carsten"]
[Black "Euler, Daniel"]
[Result "1-0"]
[WhiteElo "1644"]
[BlackElo "952"]
[PlyCount "47"]
[EventDate "2016.05.25"]
[EventType "swiss"]
[EventRounds "7"]
[EventCountry "GER"]
[SourceTitle "EXT 2017"]
[Source "ChessBase"]
[SourceDate "2016.10.25"]
[SourceVersion "1"]
[SourceVersionDate "2016.10.25"]
[SourceQuality "1"]

1. d4 d5 2. c4 dxc4 3. e3 Nf6 4. Bxc4 e6 5. Nf3 Bd6 6. 0-0 0-0 7. Nc3 Re8 8. Qc2 h6 9. Rd1 c6 10. e4 Bc7 11. Be3 Re7 12. h3 Nbd7 13. Rac1 Nb6 14. Bb3 Qe8 15. a3 Rd7 16. Ba2 Rb8 17. Bb1 e5 18. dxe5 Bxe5 19. Nxe5 Qxe5 20. Rxd7 Bxd7 21. f4 Qc7 22. e5 Nfd5 23. Qh7+ Kf8 24. Bc5+ 1-0

[Event "Rhein Main op-B 18th"]
[Site "Bad Homburg"]
[Date "2015.06.06"]
[Round "6"]
[White "Euler, Daniel"]
[Black "Al Butmeh, Firas"]
[Result "0-1"]
[WhiteElo "1015"]
[BlackElo "809"]
[PlyCount "78"]
[EventDate "2015.06.03"]
[EventType "swiss"]
[EventRounds "7"]
[EventCountry "GER"]
[SourceTitle "CBM 167 Extra"]
[Source "ChessBase"]
[SourceDate "2015.09.14"]
[SourceVersion "1"]
[SourceVersionDate "2015.09.14"]
[SourceQuality "1"]

1. e4 e5 2. Nf3 Nc6 3. Bb5 a6 4. Bxc6 bxc6 5. d3 d6 6. Nc3 Nf6 7. 0-0 Bg4 8. h3 Bh5 9. Bg5 Be7 10. Re1 d5 11. Bxf6 Bxf6 12. Qe2 0-0 13. b3 Re8 14. Rab1 Re6 15. a4 Be7 16. Na2 a5 17. g4 Bg6 18. Qd1 Qd6 19. c4 Rd8 20. b4 axb4 21. Nxb4 Rb8 22. cxd5 Rf6 23. Nxc6 Rxb1 24. Qxb1 Rxf3 25. Qb8+ Bf8 26. Re3 Rf4 27. a5 Qf6 28. f3 Bh5 29. a6 g6 30. Kf2 Qh4+ 31. Ke2 Qxh3 32. a7 Qg2+ 33. Kd1 Qg1+ 34. Re1 Qf2 35. Re2 Qxf3 36. a8Q Qxd3+ 37. Ke1 Qc3+ 38. Kd1 Rf1+ 39. Re1 Bxg4# 0-1

[Event "Rhein Main op-B 18th"]
[Site "Bad Homburg"]
[Date "2015.06.04"]
[Round "3"]
[White "Euler, Daniel"]
[Black "Brunner, Andreas"]
[Result "1/2-1/2"]
[WhiteElo "1015"]
[BlackElo "1356"]
[PlyCount "88"]
[EventDate "2015.06.03"]
[EventType "swiss"]
[EventRounds "7"]
[EventCountry "GER"]
[SourceTitle "CBM 167 Extra"]
[Source "ChessBase"]
[SourceDate "2015.09.14"]
[SourceVersion "1"]
[SourceVersionDate "2015.09.14"]
[SourceQuality "1"]

1. e4 e5 2. Nf3 Nc6 3. Nc3 Nf6 4. Bb5 d6 5. d3 Be7 6. Bxc6+ bxc6 7. 0-0 Rb8 8. b3 0-0 9. Be3 c5 10. Rb1 c6 11. Nd2 d5 12. exd5 cxd5 13. Na4 d4 14. Bg5 Nd5 15. Bxe7 Qxe7 16. Ra1 Bd7 17. Nb2 Rb6 18. Nbc4 Rg6 19. g3 Bg4 20. Qc1 Nc3 21. Qa3 f5 22. Rae1 Ne2+ 23. Kg2 Nf4+ 24. Kg1 Nh3+ 25. Kg2 Ng5 26. Nxe5 Bh3+ 27. Kg1 Re6 28. Nc6 Qb7 29. Rxe6 Nxe6 30. Qa4 Rc8 31. f3 Bxf1 32. Kxf1 Rxc6 33. Qc4 g6 34. Qd5 Kf7 35. Nc4 Qc8 36. Ne5+ Kf6 37. Qxc6 Qxc6 38. Nxc6 a6 39. Nb8 a5 40. Nc6 a4 41. bxa4 Nc7 42. a5 Na6 43. a3 Ke6 44. Kf2 g5 1/2-1/2

[Event "Rhein Main op-B 17th"]
[Site "Bad Homburg"]
[Date "2014.06.20"]
[Round "4"]
[White "Held, Maurice"]
[Black "Euler, Daniel"]
[Result "1-0"]
[WhiteElo "1585"]
[BlackElo "809"]
[PlyCount "61"]
[EventDate "2014.06.18"]
[EventType "swiss"]
[EventRounds "9"]
[EventCountry "GER"]
[SourceTitle "CBM 161 Extra"]
[Source "ChessBase"]
[SourceDate "2014.08.29"]
[SourceVersion "1"]
[SourceVersionDate "2014.08.29"]
[SourceQuality "1"]

1. c4 c5 2. Nf3 Nf6 3. g3 g6 4. Bg2 Bg7 5. 0-0 0-0 6. Nc3 Nc6 7. d3 d6 8. a3 a5 9. Bd2 e5 10. Na2 Bd7 11. b4 axb4 12. axb4 Na7 13. b5 b6 14. Nc3 d5 15. Nxe5 Be6 16. Rxa7 Rxa7 17. Nc6 Qd7 18. Nxa7 Qxa7 19. cxd5 Bc8 20. e4 Ng4 21. Re1 Ne5 22. Qc2 Re8 23. f4 Nd7 24. e5 Nf8 25. d6 Qd7 26. Bc6 Qe6 27. Bxe8 Qxe8 28. Qa4 Qe6 29. Qa7 Nd7 30. Qc7 Qe8 31. Nd5 1-0

[Event "Hessen-ch U12"]
[Site "Bad Homburg"]
[Date "2013.??.??"]
[Round "5"]
[White "Euler, Daniel"]
[Black "Krauthan, Finn"]
[Result "1-0"]
[WhiteElo "682"]
[BlackElo "763"]
[PlyCount "31"]
[EventDate "2013.03.??"]
[EventType "swiss"]
[EventRounds "9"]
[EventCountry "GER"]
[SourceTitle "EXT 2014"]
[Source "ChessBase"]
[SourceDate "2013.11.20"]
[SourceVersion "1"]
[SourceVersionDate "2013.11.20"]
[SourceQuality "1"]

1. e4 e5 2. Nf3 Nc6 3. Bc4 Bc5 4. Nc3 Nf6 5. d3 0-0 6. Bg5 d6 7. Nd5 Bg4 8. Nxf6+ gxf6 9. Bh6 Re8 10. 0-0 Nb4 11. c3 Nc6 12. h3 Be6 13. Bb3 d5 14. exd5 Bxd5 15. Nh4 Bxb3 16. Qg4+ 1-0